| 000 | 11241nam a22002297a 4500 | ||
|---|---|---|---|
| 005 | 20250811140106.0 | ||
| 010 | _aHIN-130226 | ||
| 020 | _a9789354426551 | ||
| 035 | _aHN-102572 | ||
| 037 | _bDBAD | ||
| 082 | _a954.64 | ||
| 100 |
_aदेवी, गणेश _984043 |
||
| 245 |
_aगोवा की भाषाएँ: _cगणेश देवी, सरदेसाई, माधवी एवंमावजो, दामोदर द्वारा संपादित _bभारतीय भाषा लोक सर्वेक्षण/ |
||
| 260 |
_aहैदराबाद _bओरियंट ब्लैकस्वान प्राइवेट लिमिटेड _c2024 |
||
| 270 |
_a3-6-752 हिमायातनगर, हेदराबाद ( तेलंगाना) _bहिमायातनगर _e500029 _mcentraloffice@oreintblackswan.com |
||
| 300 |
_a303 पृष्ठ; _c25सेमी(सजिल्द) |
||
| 490 |
_aPLSI खंड 8 , भाग 1 _vPLSI खंड 8, भाग 1 |
||
| 700 |
_aदेवी, गणेश _984043 |
||
| 700 |
_aसरदेसाई, माधवी _984044 |
||
| 700 |
_aमावजो, दामोदर _984045 |
||
| 942 |
_2ddc _cHN _h954.64 _mदेवी ग |
||
| 999 |
_c204706 _d204706 |
||